[Event "1st WMSG Blitz Pair"]
[Site "Beijing CHN"]
[Date "2008.10.08"]
[Round "8"]
[White "Hoang Thanh Trang"]
[Black "Sachdev,T"]
[Result "0-1"]
[WhiteElo "2483"]
[BlackElo "2425"]

1.d4 Nf6 2.Bg5 e6 3.Nd2 d5 4.e3 Be7 5.Ngf3 O-O 6.Bd3 Nbd7 7.O-O c5 8.c3 b6
9.h3 Bb7 10.Qe2 Ne4 11.Bf4 f5 12.Ne5 Nxe5 13.Bxe5 Bf6 14.Nf3 Qe7 15.Rfd1 Rac8
16.Rac1 c4 17.Bb1 b5 18.a3 a5 19.Bxf6 gxf6 20.Nd2 Kh8 21.Nf1 b4 22.f3 Nd6
23.axb4 axb4 24.cxb4 Nb5 25.Qe1 Ra8 26.e4 fxe4 27.fxe4 Ra4 28.exd5 Bxd5 29.Be4 Qxb4
30.Qh4 Qe7 31.Re1 Qf7 32.Ne3 Nd6 33.Bxd5 exd5 34.Rf1 Rb4 35.Rc2 Rb3 36.Ng4 Ne4
37.Ne5 Qg7 38.Nxc4 Ng3 39.Rf4 dxc4 40.Rg4 Qc7 41.d5 Nf5 42.Qf2 Ne3 43.Rh4 Nxc2
44.Qxc2 Rb4 45.d6 Qd7 46.Qc3 Ra4 47.Kh1 Ra1+ 48.Kh2 Qxd6+ 49.g3 Rd1 50.Rxc4 Qd2+
51.Qxd2 Rxd2+ 52.Kg1 Rxb2 53.Rf4 Rd8 54.Rxf6 Rd1+ 55.Rf1 Rxf1+ 56.Kxf1 Kg7
57.Kg1 Kf6 58.Kf1 Kf5 59.h4 Kg4 60.Ke1 Kxg3  0-1

[Event "XV PRO AM Open"]
[Site "Villa Martelli ARG"]
[Date "2008.10.10"]
[Round "1"]
[White "Real de Azua,E"]
[Black "Calens,D"]
[Result "1-0"]
[WhiteElo "2413"]
[BlackElo "2041"]

1.d4 Nf6 2.Bg5 e6 3.e3 c5 4.Nd2 b6 5.Ngf3 Bb7 6.Bd3 Be7 7.Bxf6 Bxf6 8.c3 O-O
9.Qe2 d5 10.h4 g6 11.h5 Nd7 12.Rh3 e5 13.dxe5 Nxe5 14.Nxe5 Bxe5 15.O-O-O Bc8
16.g4 Re8 17.Rdh1 Re7 18.f4 Bxf4 19.hxg6 h6 20.gxf7+ Kg7 21.Rf1  1-0

[Event "XV PRO AM Open"]
[Site "Villa Martelli ARG"]
[Date "2008.10.10"]
[Round "1"]
[White "Avalos Parra,J"]
[Black "Doval,O"]
[Result "1-0"]
[WhiteElo "2267"]
[BlackElo "1835"]

1.d4 Nf6 2.Bg5 e6 3.e4 Be7 4.Nc3 d5 5.e5 Nfd7 6.Bxe7 Qxe7 7.f4 c5 8.Nb5 Na6
9.Nd6+ Kf8 10.Nf3 g6 11.Ng5 Kg7 12.Ngxf7 Rf8 13.Bxa6 bxa6 14.Ng5 Rxf4 15.Nf3 cxd4
16.O-O Rb8 17.Qd2 Rf8 18.Qxd4 Nb6 19.Qb4 Kg8 20.Nd4 Bd7 21.Qa3 Qg7 22.Nf3 Nc8
23.Nxc8 Rfxc8 24.Ng5 Qxe5 25.Qe7 Qg7 26.Rf7 Qd4+ 27.Kh1 Rb7 28.Rf8+  1-0

[Event "1st WMSG Rapid Pair"]
[Site "Beijing CHN"]
[Date "2008.10.11"]
[Round "9"]
[White "Puuska,H"]
[Black "Ui Laighleis,G"]
[Result "1-0"]
[WhiteElo "2008"]
[BlackElo "1935"]

1.d4 Nf6 2.Bg5 e6 3.e4 Be7 4.e5 Nd5 5.Bd2 c5 6.c4 Nc7 7.Qg4 g6 8.dxc5 Bxc5
9.b4 Be7 10.c5 Nd5 11.Bc4 Nc6 12.Bxd5 exd5 13.Qf4 a6 14.Nf3 b6 15.Nc3 bxc5
16.bxc5 Bxc5 17.Nxd5 Be7 18.O-O O-O 19.Nf6+ Bxf6 20.exf6 Re8 21.Bc3 Ne7 22.fxe7 Qxe7
23.Rae1 Qf8 24.Qf6  1-0

[Event "South Bohemia Open"]
[Site "Cesky Krumlov CZE"]
[Date "2008.10.11"]
[Round "1"]
[White "Adema,J"]
[Black "Jenicek,J"]
[Result "0-1"]
[WhiteElo "2017"]
[BlackElo "2165"]

1.d4 Nf6 2.Bg5 e6 3.e3 d5 4.Nf3 Nbd7 5.Nbd2 h6 6.Bh4 Be7 7.Bd3 c5 8.c3 c4
9.Bc2 O-O 10.Qe2 b5 11.e4 dxe4 12.Nxe4 Bb7 13.Bxf6 Bxf6 14.Nd6 Bc6 15.Ne5 Bxe5
16.dxe5 Qg5 17.Be4 Bxe4 18.Qxe4 Nc5 19.Qe2 Nd3+ 20.Kf1 f6 21.exf6 Qxf6 22.Ne4 Qh4
23.f3 Rf5 24.Kg1 Raf8 25.Rf1 Re5 26.g3 Qh5 27.Qg2 Rxe4 28.fxe4 Qc5+  0-1

[Event "1st WMSG Blitz Team"]
[Site "Beijing CHN"]
[Date "2008.10.13"]
[Round "2"]
[White "Zhang Zhong"]
[Black "Greet,A"]
[Result "1-0"]
[WhiteElo "2649"]
[BlackElo "2440"]

1.d4 Nf6 2.Bg5 e6 3.e4 h6 4.Bxf6 Qxf6 5.c3 d5 6.e5 Qd8 7.Bd3 c5 8.Ne2 Nc6
9.O-O Qb6 10.b3 Bd7 11.Bc2 cxd4 12.cxd4 Nb4 13.a3 Nxc2 14.Qxc2 Rc8 15.Qb2 Be7
16.Nbc3 O-O 17.Rfc1 Rc7 18.Nd1 Rfc8 19.Rxc7 Rxc7 20.Rc1 Rxc1 21.Nxc1 Qa5
22.b4 Qb6 23.Nd3 a5 24.Nc5 Bc6 25.Nc3 axb4 26.axb4 Qa7 27.g3 b6 28.Nd3 Bd7
29.Kg2 Qa6 30.b5 Qa5 31.Qb3 f6 32.Nxd5 Bd8 33.Nc3 Kf7 34.d5 Be7 35.Nf4 exd5
36.Qxd5+ Ke8 37.Qg8+ Bf8 38.Ng6 Qb4 39.e6 Bc8 40.e7  1-0

[Event "1st WMSG Blitz Team"]
[Site "Beijing CHN"]
[Date "2008.10.13"]
[Round "2"]
[White "Forsaa,E"]
[Black "Smerdon,D"]
[Result "1/2-1/2"]
[WhiteElo "2322"]
[BlackElo "2470"]

1.d4 Nf6 2.Bg5 e6 3.e3 c5 4.c3 b6 5.Nd2 Bb7 6.Ngf3 Be7 7.Bd3 cxd4 8.exd4 Nc6
9.Qe2 O-O 10.O-O-O Nd5 11.Qe4 f5 12.Qh4 Bxg5 13.Nxg5 h6 14.Ngf3 Qxh4 15.Nxh4 Nf4
16.Bf1 Rac8 17.Kb1 e5 18.g3 Nd5 19.Bc4 Na5 20.Bxd5+ Bxd5 21.dxe5 Bxh1 22.Rxh1 Nc4
23.Nxc4 Rxc4 24.Ng6 Re8 25.Rd1 Kh7 26.Nf4 Re7 27.Rd4 Rc5 28.Nd3 Rc6 29.f4 g5
30.Kc2 Kg6 31.Kd2 Kf7 32.Nb4 Rc5 33.Nd3 Rc6 34.Nb4 Rc5 35.Nd3 Rc6 36.Nb4 Rc5
37.Nd3 Rc6 38.Nb4 Rc5  1/2-1/2

[Event "1st WMSG Blitz Team"]
[Site "Beijing CHN"]
[Date "2008.10.13"]
[Round "3"]
[White "Martyn,R"]
[Black "Sepp,O"]
[Result "0-1"]
[WhiteElo "2293"]
[BlackElo "2448"]

1.d4 Nf6 2.Bg5 e6 3.e4 c5 4.d5 d6 5.Nc3 Be7 6.Bb5+ Bd7 7.a4 exd5 8.exd5 O-O
9.Nge2 h6 10.Bh4 a6 11.Bc4 Bf5 12.O-O Nbd7 13.f4 Ng4 14.Bf2 Ndf6 15.Ng3 Bh7
16.f5 Qd7 17.Qf3 Ne5 18.Qe2 Rfe8 19.Be1 Bf8 20.Bd2 Nfg4 21.Bf4 Rab8 22.a5 Be7
23.h3 Nxc4 24.Qxg4 Bf6 25.Nh5 Bd4+ 26.Kh1 Qxf5 27.Qg3 Qg6 28.Qxg6 Bxg6 29.Ng3 Nxb2
30.Nce2 Be5 31.Rab1 Nc4 32.Bxe5 Rxe5 33.Nf4 Nd2 34.Nxg6 fxg6 35.Rbe1 Nxf1
36.Rxf1 Rf8 37.Rb1 Rf7 38.Kh2 Rxd5 39.Ne2 Rd2 40.Ng1 Rff2 41.Kh1 Rxg2 42.Nf3 Rxc2
43.Rxb7 Rgf2 44.Ne1 Rf1+  0-1

[Event "1st WMSG Blitz Team"]
[Site "Beijing CHN"]
[Date "2008.10.13"]
[Round "5"]
[White "Forsaa,E"]
[Black "Mak Kei Keng"]
[Result "1-0"]
[WhiteElo "2322"]
[BlackElo "2017"]

1.d4 Nf6 2.Bg5 e6 3.e3 Be7 4.Nd2 O-O 5.Bd3 d5 6.f4 Nbd7 7.Qf3 h6 8.Bh4 c6
9.Ne2 Ne8 10.Bxe7 Qxe7 11.e4 g6 12.e5 Ng7 13.O-O-O c5 14.c3 c4 15.Bb1 b5
16.h4 a5 17.h5 g5 18.fxg5 Qxg5 19.Rh3 Kh8  1-0

[Event "1st WMSG Rapid Team w"]
[Site "Beijing CHN"]
[Date "2008.10.15"]
[Round "4"]
[White "Vahtra,T"]
[Black "Gomes,Mary"]
[Result "0-1"]
[WhiteElo "1961"]
[BlackElo "2298"]

1.d4 Nf6 2.Bg5 e6 3.e4 d6 4.Bd3 h6 5.Bxf6 Qxf6 6.Ne2 Nd7 7.O-O g6 8.f4 Bg7
9.Nd2 Qe7 10.e5 Nb6 11.c3 Bd7 12.Qc2 O-O-O 13.a4 g5 14.exd6 Qxd6 15.Ne4 Qe7
16.Nc5 Bc6 17.b4 gxf4 18.b5 Bd5 19.Nxf4 e5 20.Rae1 Qd6 21.Nxd5 Nxd5 22.Rxf7 exd4
23.Ne6 Be5 24.Nxd8 Rxd8 25.cxd4 Bxh2+ 26.Kh1 Qg3 27.Bf5+ Kb8 28.Rf1 Ne3 29.Rf3 Qe1+
30.Kxh2 Nxc2 31.Bxc2 Qh4+ 32.Rh3 Qxd4 33.Bf5 Qf4+ 34.Rg3 Rg8 35.Bg6 Qd6 36.Rh7 a5
37.Rxh6 Qf4 38.Rh3 Rxg6 39.Rh8+ Ka7  0-1

[Event "1st WMSG Rapid Team"]
[Site "Beijing CHN"]
[Date "2008.10.15"]
[Round "5"]
[White "Forsaa,E"]
[Black "Mak Kei Keng"]
[Result "1-0"]
[WhiteElo "2322"]
[BlackElo "2017"]

1.d4 Nf6 2.Bg5 e6 3.e3 c5 4.c3 Nc6 5.Nd2 d5 6.Bd3 cxd4 7.exd4 Be7 8.f4 Qc7
9.Qf3 h6 10.Bxf6 Bxf6 11.Ne2 Bd7 12.O-O a6 13.Kh1 b5 14.f5 Na5 15.fxe6 fxe6
16.Qh5+ Ke7 17.Nf4 Kd6 18.Rae1 Rae8 19.Ng6 Rhg8 20.Ne5 Bxe5 21.Qxe5+ Kc6
22.Nf3 Nc4 23.Qe2 Kb6 24.Rc1 e5 25.dxe5 Nxe5 26.Nxe5 Qxe5 27.Qxe5 Rxe5 28.Rf7 Be8
29.Rf2 Bc6 30.Bg6 Rg5 31.Bd3 Re8 32.Kg1 Re3 33.Bf1 h5 34.Rd1 h4 35.Rd3 Re4
36.Rfd2 Rge5 37.Rd4 g5 38.R4d3 g4 39.Rf2 Re3 40.Rxe3 Rxe3 41.Rf4 Re4 42.Rxe4 dxe4
43.Kf2 Kc5 44.Ke3 Kd5 45.Be2 Bd7 46.g3 hxg3 47.hxg3 Ke5 48.a4 Bc6 49.axb5 Bxb5
50.Bxg4 Bc6 51.b4 Kf6 52.Be2 Ke5 53.Bxa6 Bd5 54.Be2 Ba8 55.c4 Kf6 56.Kf4 Bb7
57.g4 Ba8 58.g5+ Kg7 59.b5 Bb7 60.c5  1-0

[Event "XV PRO AM Open"]
[Site "Villa Martelli ARG"]
[Date "2008.10.17"]
[Round "8"]
[White "Rodriguez Vila,A"]
[Black "Vasquez,R"]
[Result "1/2-1/2"]
[WhiteElo "2508"]
[BlackElo "2522"]

1.d4 Nf6 2.Bg5 e6 3.e4 h6 4.Bxf6 Qxf6 5.Nc3 d6 6.Qd2 a6 7.O-O-O Nd7 8.f4 b5
9.e5 Qd8 10.Nf3 Bb7 11.Bd3 dxe5 12.f5 Bxf3 13.gxf3 Qg5 14.fxe6 fxe6 15.Qxg5 hxg5
16.Bg6+ Ke7 17.d5 Nf6 18.dxe6 Kxe6 19.Ne4 Nxe4 20.fxe4 Rh4 21.h3 Rf4 22.Rhe1 Bd6
23.Bf5+ Kf6 24.Rd5 Rd8 25.c3 Be7 26.Rxd8 Bxd8 27.Re2 Be7 28.Kc2 a5 29.a3 b4
30.a4 bxc3  1/2-1/2

[Event "WYCC Boys U16"]
[Site "Vung Tau City VIE"]
[Date "2008.10.21"]
[Round "2"]
[White "Wageih,K"]
[Black "Grandelius,N"]
[Result "0-1"]
[WhiteElo "2197"]
[BlackElo "2464"]

1.d4 Nf6 2.Bg5 e6 3.e3 h6 4.Bh4 b6 5.Bd3 Bb7 6.Nf3 d6 7.Nbd2 Nbd7 8.O-O g5
9.Bg3 Nh5 10.Rc1 Nxg3 11.hxg3 h5 12.e4 g4 13.Nh2 Qg5 14.Nc4 d5 15.exd5 Qxd5
16.Ne3 Qxd4 17.c3 Qd6 18.Qe2 h4 19.gxh4 Rxh4 20.Nexg4 O-O-O 21.g3 Nc5 22.Bb5 Qd5
23.f3 Rh3 24.Kg2 Qh5 25.b4 Bd6 26.bxc5 Rh8 27.Rh1 Rxg3+ 28.Kf1 Bxf3 29.Qf2 Bxh1
30.Ba6+ Kb8 31.cxd6 Qh3+ 32.Ke1 cxd6 33.Qd4 Bd5 34.Bf1 Qh4 35.Kd2 f5 36.c4 Qg5+
37.Kc2 Rc8 38.Nf2 Qe3 39.Qxe3 Rxe3 40.Kd2 Ra3 41.cxd5 Rxa2+ 42.Kd1 Rxc1+
43.Kxc1 exd5  0-1

[Event "24th ECC"]
[Site "Kallithea GRE"]
[Date "2008.10.23"]
[Round "7"]
[White "Galic,I2"]
[Black "Ochsner,B"]
[Result "1-0"]
[WhiteElo "2316"]
[BlackElo "1974"]

1.d4 Nf6 2.Bg5 e6 3.e4 h6 4.Bxf6 Qxf6 5.Nc3 Bb4 6.Qd2 O-O 7.e5 Qe7 8.a3 Bxc3
9.bxc3 d6 10.f4 dxe5 11.fxe5 Qh4+ 12.Qf2 Qxf2+ 13.Kxf2 b6 14.Be2 Bb7 15.Bf3 Bxf3
16.Nxf3 Nc6 17.Nd2 Na5 18.Nb3 Nc4 19.a4 Rac8 20.a5 c5 21.axb6 axb6 22.Rhc1 Ra8
23.Ke2 Rfc8 24.Rcb1 Ra3 25.Rxa3 Nxa3 26.Ra1 Nb5 27.Kd2 c4 28.Nc1 Nc7 29.Ra7 Nd5
30.Na2 Rc7 31.Ra8+ Kh7 32.Nb4 Ne7 33.Rb8 Nc8 34.Na6 Rc6 35.Rb7 Kg6 36.Nb4 Nd6
37.exd6 Rxd6 38.Rc7 b5 39.Rb7 e5 40.d5 f5 41.Rxb5 Kf6 42.Rc5 Kf7 43.Rxc4 g5
44.Rc7+ Kf8 45.c4 h5 46.c5 Rd8 47.Rh7  1-0

[Event "24th ECC"]
[Site "Kallithea GRE"]
[Date "2008.10.23"]
[Round "7"]
[White "Perrett,D"]
[Black "McPhillips,K"]
[Result "0-1"]
[WhiteElo "1953"]
[BlackElo "2222"]

1.d4 Nf6 2.Bg5 e6 3.e4 h6 4.Bxf6 Qxf6 5.Qd2 d6 6.Nc3 c6 7.O-O-O e5 8.Nge2 Be7
9.f3 O-O 10.Kb1 Nd7 11.f4 Nb6 12.h3 Nc4 13.Qc1 b5 14.b3 Nb6 15.g4 b4 16.Na4 exd4
17.Nxd4 Nxa4 18.bxa4 c5 19.Nb3 a5 20.Qe3 Bb7 21.Bc4 Bc6 22.Rhg1 Bxa4 23.h4 Bc6
24.g5 hxg5 25.hxg5 Qc3 26.Qe2 a4 27.Rh1 axb3 28.cxb3 Rxa2 29.Bxf7+ Kxf7  0-1

[Event "LiraH Autumn"]
[Site "Lichtenrade GER"]
[Date "2008.10.23"]
[Round "6"]
[White "Llopis de Aysa,M"]
[Black "Duenzel,J"]
[Result "1/2-1/2"]
[WhiteElo "2173"]
[BlackElo "2007"]

1.d4 Nf6 2.Bg5 e6 3.e3 d5 4.Nd2 Be7 5.Bd3 Nbd7 6.Ngf3 b6 7.c3 Bb7 8.O-O O-O
9.Ne5 Nxe5 10.dxe5 Ne4 11.Bxe7 Qxe7 12.f4 Rad8 13.Nf3 c5 14.Qe2 f5 15.Rad1 h6
16.Bxe4 fxe4 17.Ne1 g6 18.g3 a6 19.Ng2 Kh7 20.h4 h5 21.Kf2 Qg7 22.Kg1 Qe7
23.Kf2 Qg7  1/2-1/2

[Event "LiraH Autumn"]
[Site "Lichtenrade GER"]
[Date "2008.10.25"]
[Round "8"]
[White "Llopis de Aysa,M"]
[Black "Svane,R"]
[Result "1/2-1/2"]
[WhiteElo "2173"]
[BlackElo "1967"]

1.d4 Nf6 2.Bg5 e6 3.e3 c5 4.Nf3 b6 5.Nbd2 Bb7 6.Bd3 cxd4 7.exd4 Be7 8.O-O d6
9.Re1 Nbd7 10.c3 h6 11.Bh4 O-O 12.Nc4 b5 13.Ne3 a6 14.Nd2 Qb6 15.a4 Rfe8
16.Qe2 b4 17.Ndc4 Qc7 18.cxb4 d5 19.Bg3 Qd8 20.Nd6 Bxd6 21.Bxd6 e5 22.Qd2 exd4
23.Nc2 Ne4 24.Bxe4 dxe4 25.Qxd4 Qg5 26.Bf4 Qxf4 27.Qxd7 Rac8 28.Ne3 Ba8 29.Rac1 Rcd8
30.Qf5 Qd6 31.Qc5 Qf6 32.Red1 Qxb2 33.Rb1 Qf6  1/2-1/2

[Event "WYCC Girls U18"]
[Site "Vung Tau City VIE"]
[Date "2008.10.28"]
[Round "9"]
[White "Corke,A"]
[Black "Gevorgyan,I"]
[Result "1/2-1/2"]
[WhiteElo "2301"]
[BlackElo "2179"]

1.d4 Nf6 2.Bg5 e6 3.e4 h6 4.Bxf6 Qxf6 5.Nc3 d6 6.Qd2 g6 7.f4 Bg7 8.Nf3 Nc6
9.Rd1 O-O 10.Be2 e5 11.Nd5 Qd8 12.dxe5 dxe5 13.fxe5 Nxe5 14.Nxe5 Bxe5 15.Qxh6 c6
16.Ne3 Qf6 17.Rf1 Qg7 18.Qxg7+ Kxg7 19.Nc4 Bxh2 20.Kf2 Bc7 21.Ne3 Be6 22.Bc4 Bxc4
23.Nxc4 Rad8 24.Rd3 b5 25.Ne3 Rfe8 26.Rfd1 Bb6 27.Rxd8 Rxd8 28.Rxd8 Bxd8
29.Ke2 Kf6 30.Ng4+ Ke6  1/2-1/2

[Event "WYCC Girls U18"]
[Site "Vung Tau City VIE"]
[Date "2008.10.30"]
[Round "11"]
[White "Corke,A"]
[Black "Pham Bich Ngoc"]
[Result "1/2-1/2"]
[WhiteElo "2301"]
[BlackElo "2090"]

1.d4 Nf6 2.Bg5 e6 3.e4 h6 4.Bxf6 Qxf6 5.c3 d5 6.Nd2 c5 7.Ngf3 cxd4 8.exd5 dxc3
9.Ne4 Qf4 10.Nxc3 Bb4 11.Bb5+ Bd7 12.O-O Bxc3 13.Bxd7+ Nxd7 14.dxe6 fxe6
15.bxc3 Nc5 16.Qd4 Qc7 17.Qc4 O-O 18.Nd4 Kh8 19.Rae1 Rac8 20.Re3 Rf6 21.Qe2 Rcf8
22.Nf3 a6 23.Ne5 Kg8 24.Rg3 Rf5 25.Ng4 Kh8 26.Re3 Kg8 27.Ne5 R5f6 28.Qg4 Rf4
29.Qe2  1/2-1/2

[Event "IX Rapid Open"]
[Site "El Sauzal ESP"]
[Date "2008.11.01"]
[Round "3"]
[White "Pizarro Segura,E"]
[Black "Garcia Padron,Jo"]
[Result "1-0"]
[WhiteElo "2123"]
[BlackElo "2434"]

1.d4 Nf6 2.Bg5 e6 3.Nf3 h6 4.Bh4 c5 5.e3 Qb6 6.Qc1 Be7 7.c3 d6 8.Nbd2 Bd7
9.Bd3 cxd4 10.exd4 Nc6 11.O-O Rc8 12.Nc4 Qc7 13.Qd2 O-O 14.Rfe1 Nd5 15.Bxe7 Ncxe7
16.Ne3 Nf6 17.Rad1 Bc6 18.Nf1 Bxf3 19.gxf3 Qa5 20.Ng3 a6 21.a3 Qc7 22.Kh1 Kh8
23.Rg1 d5 24.Rde1 b5 25.Re5 Nc6 26.Nh5 Nxe5 27.Rxg7 Neg4  1-0

[Event "IX Rapid Open"]
[Site "El Sauzal ESP"]
[Date "2008.11.01"]
[Round "5"]
[White "Villagran Carrasco,J"]
[Black "Fernandez Romero,Ern"]
[Result "0-1"]
[WhiteElo "2130"]
[BlackElo "2447"]

1.d4 Nf6 2.Bg5 e6 3.e3 h6 4.Bh4 d6 5.Bxf6 Qxf6 6.Nd2 Qe7 7.Ngf3 g6 8.Bd3 Bg7
9.c3 Nd7 10.Qe2 a6 11.a4 b6 12.O-O O-O 13.h3 Bb7 14.Be4 d5 15.Bd3 c5 16.Rfe1 c4
17.Bc2 f5 18.b3 b5 19.axb5 axb5 20.b4 Bc6 21.Qf1 Nb6 22.Nh2 e5 23.f4 Rxa1
24.Rxa1 exd4  0-1

[Event "8th Rohde Open"]
[Site "Sautron FRA"]
[Date "2008.11.01"]
[Round "9"]
[White "Damia,A"]
[Black "Bailet,P"]
[Result "1-0"]
[WhiteElo "2222"]
[BlackElo "2306"]

1.d4 Nf6 2.Bg5 e6 3.e4 h6 4.Bxf6 Qxf6 5.Qd2 d5 6.e5 Qd8 7.c4 c5 8.dxc5 Bxc5
9.Nc3 O-O 10.O-O-O Nc6 11.Nf3 a6 12.cxd5 exd5 13.Nxd5 Be6 14.Nf6+ gxf6 15.Qxh6 Bd4
16.Bd3 f5 17.g4 Nb4 18.gxf5 Rc8+ 19.Kd2 Rc2+ 20.Bxc2 Be3+ 21.Kxe3 Nxc2+ 22.Kf4 Nb4
23.Ke4  1-0

[Event "TCh-BEL 2008-9"]
[Site "Belgium BEL"]
[Date "2008.11.02"]
[Round "3"]
[White "Eliet,N"]
[Black "Erwich,M"]
[Result "0-1"]
[WhiteElo "2435"]
[BlackElo "2415"]

1.d4 Nf6 2.Bg5 e6 3.Nd2 d6 4.e4 h6 5.Bh4 Be7 6.Bd3 O-O 7.Ngf3 b6 8.Qe2 Bb7
9.O-O-O Nh5 10.Bxe7 Qxe7 11.g3 c5 12.dxc5 bxc5 13.e5 d5 14.c3 Nd7 15.Rhe1 Rae8
16.Ng1 g6 17.f4 Ng7 18.Ngf3 c4 19.Bc2 Nc5 20.Nd4 Ba6 21.Qf2 Qb7 22.b4 cxb3
23.axb3 Bd3 24.Nb1 Bxc2 25.Qxc2 Nf5 26.b4 Ne4 27.Nxf5 gxf5 28.Rd4 Qb6 29.Kd1 Rc8
30.Rd3 Nf2+ 31.Ke2 Nxd3 32.Qxd3 Kh8 33.Nd2 a5 34.Rb1 axb4 35.cxb4 Rc7  0-1

[Event "Pan-American Continental"]
[Site "Boca Raton USA"]
[Date "2008.11.03"]
[Round "2"]
[White "Leon Hoyos,M"]
[Black "Rios Parra,M"]
[Result "1-0"]
[WhiteElo "2535"]
[BlackElo "2334"]

1.d4 Nf6 2.Bg5 e6 3.Nf3 d5 4.c4 Be7 5.Nc3 O-O 6.e3 b6 7.Bd3 Bb7 8.Bxf6 Bxf6
9.cxd5 exd5 10.b4 c6 11.O-O Nd7 12.Qb3 a6 13.a4 b5 14.Rad1 Nb6 15.a5 Nc4
16.Qb1 g6 17.e4 Bc8 18.exd5 cxd5 19.Nxd5 Bg4 20.Bxc4 bxc4 21.Qe4 Bf5 22.Nxf6+ Qxf6
23.Qf4 Qe7 24.Ne5 Qxb4 25.Nc6 Qb7 26.d5 Bd3 27.Rfe1 Qb2 28.d6 Kg7 29.Nd4 Rae8
30.Rxe8 Rxe8 31.d7  1-0

[Event "21st Belgrade Trophy"]
[Site "Obrenovac SRB"]
[Date "2008.11.04"]
[Round "8"]
[White "Andonov,B"]
[Black "Nestorovic,L"]
[Result "0-1"]
[WhiteElo "2328"]
[BlackElo "2245"]

1.d4 Nf6 2.Bg5 e6 3.c3 d5 4.Nd2 c5 5.e3 Nc6 6.f4 Be7 7.Bd3 h6 8.Bh4 Nd7 9.Bxe7 Qxe7
10.Ne2 Nf6 11.O-O Bd7 12.Ng3 O-O-O 13.Nf3 g5 14.Bb5 Ne4 15.Nxe4 dxe4 16.Nd2 gxf4
17.Rxf4 cxd4 18.cxd4 Nxd4 19.Bxd7+ Qxd7 20.Nxe4 Nf5 21.Qf3 Qd5 22.h3 h5 23.Ng5 Qxf3
24.Rxf3 Rd7 25.e4 Rg8 26.Rc1+ Kd8 27.Nxf7+ Rxf7 28.exf5 Rxf5 29.Rfc3 Rfg5
30.Rc8+ Kd7 31.R1c7+ Kd6 32.Rxg8 Rxg8 33.Rxb7 a5 34.Rb5 e5 35.Rxa5 Ke6 36.Kf2 Kf5
37.Ra4 Rc8 38.g4+ hxg4 39.hxg4+ Kg5 40.Ke3 Rc2 41.Rb4 Rg2 42.Kf3 Rh2 43.a4 Rh1
44.Ke4 Re1+ 45.Kd5  0-1

[Event "FSGM November"]
[Site "Budapest HUN"]
[Date "2008.11.05"]
[Round "5"]
[White "Nguyen Huynh Minh Huy"]
[Black "Gunnarsson,J"]
[Result "1/2-1/2"]
[WhiteElo "2452"]
[BlackElo "2430"]

1.d4 Nf6 2.Bg5 e6 3.e3 c5 4.c3 Be7 5.Nd2 d5 6.Bxf6 Bxf6 7.f4 O-O 8.Ngf3 b6
9.a3 Ba6 10.Bxa6 Nxa6 11.O-O Nc7 12.Qe2 g6 13.Rad1 Qe8 14.Ne5 Bg7 15.dxc5 bxc5
16.e4 Rb8 17.b4 Qa4 18.Qe3 d4 19.cxd4 cxd4 20.Qxd4 Nb5 21.Qa1 Rbc8 22.Rc1 Qxa3
23.Qxa3 Nxa3 24.Nc6 Rc7 25.e5 Ra8 26.Nd4 Rb7 27.Nc6 Rc7 28.Nd4  1/2-1/2

[Event "Open"]
[Site "Kaikoura NZL"]
[Date "2008.11.10"]
[Round "6"]
[White "Fraemohs,P"]
[Black "Bennett,H"]
[Result "0-1"]
[WhiteElo "1955"]
[BlackElo "2022"]

1.d4 Nf6 2.Bg5 e6 3.e4 c5 4.e5 h6 5.Be3 Nd5 6.Nf3 Nxe3 7.fxe3 Qb6 8.b3 Nc6
9.Be2 d6 10.exd6 Bxd6 11.O-O O-O 12.c3 cxd4 13.Nbd2 d3 14.Nc4 dxe2 15.Qxe2 Qc7
16.Rad1 Be7 17.Nd4 a6 18.e4 Ne5 19.Nxe5 Qxe5 20.Rd3 Bc5 21.Kh1 Bxd4 22.cxd4 Qc7
23.e5 Bd7 24.Rg3 Bb5 25.Qg4 f5 26.exf6 Rxf6 27.Re1 Raf8 28.h3 Rf1+ 29.Rxf1 Rxf1+
30.Kh2 Qf7 31.Qh4 Rf6 32.Rg4 Qc7+  0-1

[Event "38th Olympiad"]
[Site "Dresden GER"]
[Date "2008.11.13"]
[Round "1"]
[White "Wijesuriya,GL"]
[Black "Poulsen,Ma"]
[Result "0-1"]
[WhiteElo "2075"]
[BlackElo "2281"]

1.d4 Nf6 2.Bg5 e6 3.Nf3 d5 4.Nbd2 c5 5.e3 Be7 6.c3 O-O 7.Bxf6 Bxf6 8.Bd3 b6
9.h4 Ba6 10.Qc2 Bxd3 11.Qxd3 Nc6 12.O-O-O c4 13.Qc2 b5 14.Ng5 g6 15.Ngf3 b4
16.h5 Qa5 17.Kb1 Rab8 18.Ka1 Rb6 19.hxg6 fxg6 20.Rh6 Ra6 21.a3 bxc3 22.Qxc3 Qxc3
23.bxc3 Rb8 24.Nb1 Be7 25.Rd2 Bxa3 26.Nxa3 Rxa3+ 27.Ra2 Rxc3 28.Rh1 Rcb3
29.Ng5 Nb4  0-1

[Event "38th Olympiad"]
[Site "Dresden GER"]
[Date "2008.11.15"]
[Round "3"]
[White "Adebayo,A"]
[Black "Gulbas,C"]
[Result "1-0"]
[WhiteElo "2266"]
[BlackElo "2371"]

1.d4 Nf6 2.Bg5 e6 3.Nf3 h6 4.Bf4 b6 5.e3 Be7 6.Bd3 Bb7 7.Nbd2 d6 8.h3 Nbd7
9.Qe2 a6 10.O-O g5 11.Bg3 Rg8 12.e4 Nf8 13.Nh2 h5 14.e5 h4 15.exf6 hxg3 16.fxg3 Bxf6
17.Qf2 g4 18.Nxg4 Rxg4 19.hxg4 Be7 20.Qxf7+ Kd7 21.g5 Kc8 22.g6  1-0

[Event "38th Olympiad"]
[Site "Dresden GER"]
[Date "2008.11.15"]
[Round "3"]
[White "Hernandez Basante,F"]
[Black "Manish,H"]
[Result "1-0"]
[WhiteElo "2247"]
[BlackElo "2028"]

1.d4 Nf6 2.Bg5 e6 3.e4 Be7 4.Bd3 c5 5.dxc5 Qa5+ 6.Nc3 Qxc5 7.Nf3 Ng4 8.Qd2 Bxg5
9.Nxg5 Nxf2 10.Rf1 Nxd3+ 11.cxd3 f6 12.Nf3 O-O 13.d4 Qa5 14.O-O-O b5 15.Kb1 Ba6
16.Rg1 b4 17.Ne2 Bxe2 18.Qxe2 b3 19.a3 Nc6 20.d5 Ne5 21.g4 Rac8 22.Nd4 Qb6
23.Rg3 Rc4 24.Rxb3 Qa6 25.Ka2 Qa4 26.Qd2 Re8 27.Ne2 Rc7 28.Rb4 Qc2 29.h3 a5
30.Rb6 Qxe4 31.Nc3 Qf3 32.dxe6 dxe6 33.Rxe6 Rxe6 34.Qd8+ Kf7 35.Qxc7+ Re7
36.Qxa5 Qxh3 37.g5 Qe6+ 38.Ka1 fxg5 39.Ne4 Kg6 40.Rd6 Qxd6 41.Nxd6 h5 42.Qd5 h4
43.Qe4+ Kh5 44.Nf5  1-0

[Event "Russia Cup Final"]
[Site "Serpuhov RUS"]
[Date "2008.11.15"]
[Round "6.1"]
[White "Vitiugov,N"]
[Black "Savchenko,B"]
[Result "1/2-1/2"]
[WhiteElo "2638"]
[BlackElo "2648"]

1.d4 Nf6 2.Bg5 e6 3.Nd2 h6 4.Bh4 d5 5.e3 Nbd7 6.Ngf3 Be7 7.Bd3 O-O 8.O-O b6
9.Ne5 Nxe5 10.dxe5 Nd7 11.Bxe7 Qxe7 12.f4 Qb4 13.Rb1 Qa4 14.b4 a5 15.b5 Nc5
16.Nb3 Nxd3 17.Qxd3 c6 18.Nd4 cxb5 19.Qxb5 Qxb5 20.Nxb5 Ba6 21.Rfc1 Rfc8
22.Nd4 Rc3 23.Rb3 Rac8 24.Rxb6 Bd3 25.Rb3 a4 26.Rxc3 Rxc3 27.Kf2 Bc4 28.Rb1 Ra3
29.Rb8+ Kh7 30.Rb7 Kg8 31.Rb8+ Kh7 32.Rb7 Kg8  1/2-1/2

[Event "38th Olympiad"]
[Site "Dresden GER"]
[Date "2008.11.16"]
[Round "4"]
[White "Adebayo,A"]
[Black "Kim Yongtae"]
[Result "1-0"]
[WhiteElo "2266"]
[BlackElo "1853"]

1.d4 Nf6 2.Bg5 e6 3.Nf3 b6 4.e3 Bb7 5.Bd3 d5 6.Nbd2 Nbd7 7.c3 Be7 8.Qb1 h6
9.Bf4 Nh5 10.O-O Nxf4 11.exf4 O-O 12.Re1 c5 13.Ne5 Nf6 14.Qd1 Bd6 15.Qf3 Re8
16.a3 a6 17.g4 Rc8 18.Rad1 Nd7 19.Qg3 Nxe5 20.fxe5 Be7 21.Bb1 Rc7 22.Qd3 g6
23.f4 Bf8 24.Qh3 Bc8 25.Nf3 f5 26.exf6 Qxf6 27.Qg3 cxd4 28.cxd4 Bd6 29.Ne5 g5
30.fxg5 hxg5 31.Rf1 Qg7 32.Bd3 a5 33.Rde1 Rb7 34.h4 gxh4 35.Qxh4 Be7 36.Qh5 Rf8
37.Rxf8+ Bxf8 38.Rf1 Bd6 39.Qe8+ Bf8 40.Qxc8 Ra7 41.Qxe6+  1-0

[Event "38th Olympiad w"]
[Site "Dresden GER"]
[Date "2008.11.21"]
[Round "8"]
[White "Gansvind,V"]
[Black "Michna,Mart"]
[Result "1-0"]
[WhiteElo "2212"]
[BlackElo "2399"]

1.d4 Nf6 2.Bg5 e6 3.Nc3 h6 4.Bxf6 Qxf6 5.e4 d6 6.Qd2 Qe7 7.f4 g6 8.Nf3 Bg7
9.e5 b6 10.Bb5+ c6 11.Be2 d5 12.Nd1 c5 13.c3 Nc6 14.O-O Bd7 15.Rb1 cxd4 16.cxd4 g5
17.Nc3 g4 18.Ne1 f5 19.Nb5 O-O 20.Nd6 Nd8 21.g3 Nf7 22.Nb5 Rfc8 23.Nc3 Bf8
24.Ba6 Rcb8 25.Qd3 Nd8 26.Nc2 Bc8 27.a3 Bxa6 28.Qxa6 h5 29.Ne3 Qf7 30.Qd3 Nc6
31.Ne2 Ne7 32.Rbc1 Rb7 33.Rc2 h4 34.Rfc1 Ng6 35.Qd1 Qh7 36.Qf1 Rd8 37.Rc6 Re8
38.Nc3 Qh5 39.Ncxd5 exd5 40.Nxd5 Bg7 41.Qc4 Kh8 42.Nc7 Rg8 43.Rc2 Nxf4 44.gxf4 Bh6
45.Qe6 Bxf4 46.Qf6+ Rg7 47.Ne6 Be3+ 48.Kh1 Rf7 49.Nxg7 Rxg7 50.Rc7 Bh6 51.Rxg7 Bxg7
52.Rc8+ Kh7 53.Rc7 Qg6 54.Qxh4+ Kg8 55.Rc8+ Bf8 56.Qd8 Qh6 57.Qd5+ Kh7 58.Qf7+  1-0

[Event "38th Olympiad"]
[Site "Dresden GER"]
[Date "2008.11.22"]
[Round "9"]
[White "Karttunen,M"]
[Black "Sakr,N"]
[Result "1/2-1/2"]
[WhiteElo "2411"]
[BlackElo "2121"]

1.d4 Nf6 2.Bg5 e6 3.e3 b6 4.Bd3 Bb7 5.Nf3 h6 6.Bxf6 Qxf6 7.Nbd2 c5 8.Qe2 Nc6
9.c3 g6 10.e4 e5 11.dxe5 Nxe5 12.Nxe5 Qxe5 13.Nc4 Qc7 14.O-O b5 15.Ne3 c4
16.Bc2 Bc5 17.a4 a6 18.b4 cxb3 19.Bxb3 O-O 20.Qg4 Kh7 21.Rad1 Bc6 22.Nd5 Qe5
23.axb5 axb5 24.Kh1 f5 25.exf5 Qxf5 26.Qe2 Rae8 27.Qd2 Qh5 28.f3 Bd6 29.h3 Qh4
30.Qf2 Qh5 31.Qd4 Qe5 32.Qxe5 Rxe5 33.Nb6 Rf6 34.Bd5 Bxd5 35.Rxd5 Rxd5 36.Nxd5 Rf5
37.Rd1 Bf8 38.Ne3 Rf7 39.Kg1 Bc5 40.Kf2 Re7 41.Rd3 b4 42.cxb4 Bxb4 43.Nd5 Bc5+
44.Kg3 Re6 45.f4 Kg7 46.Kf3 Kf7 47.Rc3 Rc6 48.g4 Ke6 49.Rd3 Bd6 50.Ne3 Bc5
51.f5+ Kf6 52.Nd5+ Ke5 53.Nc3 gxf5 54.Rd5+ Ke6 55.gxf5+ Ke7 56.Ne4 d6 57.Rd3 Rb6
58.Nc3 Rb2 59.Ne4 Rb1 60.Kg4 Rb4 61.Kf3 Rb1 62.Rc3 Rb4 63.h4 Ra4 64.Rd3 Rc4
65.Rd5 Rd4 66.f6+ Ke6 67.Rf5 Kf7 68.Rf4 Rd3+ 69.Ke2 Rb3 70.Rg4 Ke6 71.Rf4 Kf7
72.Kd1 Ba3 73.Kc2 Rh3 74.Nc3 d5 75.Nxd5 Bd6 76.Re4 Rf3 77.Rg4 Ke6 78.Nc3 Kxf6
79.h5 Bf4 80.Rg6+ Kf5 81.Nb5 Be5 82.Rxh6 Rh3 83.Rh7 Kg5 84.Rd7  1/2-1/2